| 000 | 00482nam a2200181Ia 4500 | ||
|---|---|---|---|
| 001 | 43124 | ||
| 008 | 140425s9999 xx 000 0 und d | ||
| 020 | _aNA | ||
| 040 | _cPK-LaUMT | ||
| 082 |
_aRHC 909 _bABD-T |
||
| 100 | _aAbdur Rasool, Muhammad | ||
| 245 |
_aTareekh--tehzeeb-e-insaani (Urdu) _bahd-e-qadeem _cAbdur Rasool, Muhammad |
||
| 260 |
_aSargoda,Pakistan: _bUniversity of Sargoda, _c2008 |
||
| 300 | _a280 p. | ||
| 546 | _aUR | ||
| 650 | _aCivilization | ||
| 942 | _cBK | ||
| 999 |
_c41135 _d41135 |
||